[Event "Mitropa Cup 31st"]
[Site "Sibenik"]
[Date "2012.06.06"]
[Round "7"]
[White "Dubessay, Bastien"]
[Black "Shytaj, Luca"]
[Result "0-1"]
[WhiteElo "2384"]
[BlackElo "2496"]
[PlyCount "154"]
[EventDate "2012.05.31"]
[EventType "team-tourn"]
[EventRounds "9"]
[EventCountry "CRO"]
[Source "ChessBase"]
[SourceDate "2012.06.22"]
[WhiteTeam "France"]
[BlackTeam "Italy"]
[WhiteTeamCountry "FRA"]
[BlackTeamCountry "ITA"]

1. d4 Nf6 2. c4 e6 3. Nc3 Bb4 4. g3 O-O 5. Bg2 d5 6. Nf3 c6 7. O-O Nbd7 8. Qc2
dxc4 9. Rd1 Qa5 10. Nd2 Nb6 11. Nce4 Nxe4 12. Bxe4 f5 13. Bg2 Qa6 14. a4 Bd7
15. Nf3 c5 16. a5 Bc6 17. Ne5 Bxg2 18. Kxg2 Nd5 19. Qxc4 Qxc4 20. Nxc4 cxd4 21.
Rxd4 Rac8 22. Ne3 Bc5 23. Rd3 Nb4 24. Rd7 Rf7 25. Rxf7 Kxf7 26. Bd2 Be7 27. Bc3
g5 28. Ra4 Na6 29. Nc4 Ke8 30. Ne5 Rc5 31. Nd3 Rb5 32. Bd4 Nb4 33. Nxb4 Rxb4
34. Rxb4 Bxb4 35. Bxa7 Bxa5 36. Kf3 Bc7 37. Bc5 g4+ 38. Ke3 Kd7 39. Kd3 Kc6 40.
Bb4 Kd5 41. b3 h5 42. Bd2 Bd8 43. e3 Bf6 44. Be1 h4 45. Bd2 h3 46. Be1 Bd8 47.
Bd2 Bb6 48. Be1 Kc5 49. Bc3 Kb5 50. Bd2 Bc5 51. Bc3 Bb4 52. Bb2 Be1 53. Ke2 Ba5
54. Kd3 Bc7 55. Bc3 Bd6 56. Bd2 Bb4 57. Bc1 Kc5 58. Bb2 Kd5 59. Bc1 e5 60. Bb2
Bc5 61. Bc3 f4 62. Be1 Bd6 63. Ke2 Ke4 64. Bc3 Bc5 65. exf4 exf4 66. gxf4 Kxf4
67. b4 Bd6 68. Kf1 Ke4 69. Kg1 Kd3 70. Be1 Be5 71. b5 Ke2 72. Ba5 Bd4 73. Kh1
Bxf2 74. Bb6 Be3 75. Bxe3 Kxe3 76. Kg1 Kf3 77. b6 g3 0-1

[Event "Mitropa Cup 31st"]
[Site "Sibenik"]
[Date "2012.06.06"]
[Round "7"]
[White "Rombaldoni, Denis"]
[Black "Aguettaz, Maxime"]
[Result "1-0"]
[WhiteElo "2520"]
[BlackElo "2443"]
[PlyCount "169"]
[EventDate "2012.05.31"]
[EventType "team-tourn"]
[EventRounds "9"]
[EventCountry "CRO"]
[Source "ChessBase"]
[SourceDate "2012.06.22"]
[WhiteTeam "Italy"]
[BlackTeam "France"]
[WhiteTeamCountry "ITA"]
[BlackTeamCountry "FRA"]

1. d4 Nf6 2. c4 e6 3. g3 c5 4. d5 exd5 5. cxd5 b5 6. e4 Nxe4 7. Qe2 Qe7 8. Bg2
Nd6 9. Be3 Na6 10. Nc3 b4 11. Na4 Bb7 12. Nh3 g6 13. O-O Bg7 14. Rfe1 O-O 15.
Nxc5 Nxc5 16. Bxc5 Qxe2 17. Rxe2 Rfe8 18. Rae1 Rxe2 19. Rxe2 Re8 20. Rxe8+ Nxe8
21. b3 Nf6 22. Bxb4 Bxd5 23. Bc5 a6 24. Nf4 Bxg2 25. Kxg2 Ne4 26. Bb4 Bc3 27.
f3 Bxb4 28. fxe4 f5 29. exf5 gxf5 30. Nd5 Bd6 31. Nf6+ Kf7 32. Nxd7 Ke6 33. Nb6
f4 34. g4 f3+ 35. Kxf3 Bxh2 36. Ke4 Kd6 37. Nd5 Be5 38. b4 Bb2 39. a4 Kc6 40.
Ne7+ Kd6 41. Nf5+ Kc6 42. Kd3 Bc1 43. Kc4 Bd2 44. Nd4+ Kb6 45. Ne6 h6 46. Nc5
Be1 47. Nd3 Bd2 48. Nf2 Be1 49. Ne4 Kc6 50. Nc5 Kb6 51. Nd3 Bd2 52. Kd4 Kb7 53.
Kc5 Be3+ 54. Kd5 Bd2 55. Kc5 Be3+ 56. Kc4 Bd2 57. b5 axb5+ 58. axb5 Be3 59. Nb4
Bd2 60. Nd5 Bg5 61. Kc5 Bh4 62. Kc4 Bg5 63. Nc3 Kb6 64. Ne4 Bh4 65. Nd6 Bg5 66.
Nf5 Bc1 67. Ne7 Bg5 68. Nd5+ Kb7 69. Kb4 Bd8 70. Ka4 Bg5 71. Ka5 Bd2+ 72. Ka4
Bg5 73. Kb4 Bd8 74. Nc3 Bh4 75. Na4 Be1+ 76. Kc4 Bh4 77. Nc5+ Kb6 78. Nd7+ Kb7
79. Ne5 Bg5 80. Kb4 Bd2+ 81. Ka4 Bf4 82. Nc4 Bg5 83. Ka5 Bd8+ 84. Ka4 Bh4 85.
Nd6+ 1-0

[Event "Mitropa Cup 31st"]
[Site "Sibenik"]
[Date "2012.06.06"]
[Round "7"]
[White "Banusz, Tamas"]
[Black "Borisek, Jure"]
[Result "1/2-1/2"]
[WhiteElo "2582"]
[BlackElo "2539"]
[PlyCount "84"]
[EventDate "2012.05.31"]
[EventType "team-tourn"]
[EventRounds "9"]
[EventCountry "CRO"]
[Source "ChessBase"]
[SourceDate "2012.06.22"]
[WhiteTeam "Hungary"]
[BlackTeam "Slovenia"]
[WhiteTeamCountry "HUN"]
[BlackTeamCountry "SLO"]

1. d4 Nf6 2. c4 g6 3. g3 c6 4. Nf3 Bg7 5. Bg2 O-O 6. O-O d5 7. Qb3 Qb6 8. Nc3
Rd8 9. Rd1 Bf5 10. Ne1 Be6 11. c5 Qc7 12. Bf4 Qc8 13. Qc2 Na6 14. a3 Bf5 15.
Qc1 Nd7 16. b4 e5 17. Bh6 Bh8 18. e4 dxe4 19. d5 Nf6 20. d6 Nb8 21. Nc2 Nbd7
22. Ne3 Be6 23. Qc2 b6 24. Nxe4 Nxe4 25. Qxe4 f5 26. Qc2 e4 27. Rac1 bxc5 28.
bxc5 Ne5 29. Bf4 Nd3 30. Rb1 Bf6 31. Nf1 Qa6 32. Be3 Qxa3 33. f3 Bd5 34. fxe4
fxe4 35. Bxe4 Bxe4 36. Qc4+ Bd5 37. Rxd3 Bxc4 38. Rxa3 a5 39. Nd2 Bd5 40. Rf1
Rf8 41. Ra4 Bc3 42. Nc4 Rxf1+ 1/2-1/2

[Event "Mitropa Cup 31st"]
[Site "Sibenik"]
[Date "2012.06.06"]
[Round "7"]
[White "Erdos, Viktor"]
[Black "Lenic, Luka"]
[Result "1/2-1/2"]
[WhiteElo "2624"]
[BlackElo "2632"]
[PlyCount "37"]
[EventDate "2012.05.31"]
[EventType "team-tourn"]
[EventRounds "9"]
[EventCountry "CRO"]
[Source "ChessBase"]
[SourceDate "2012.06.22"]
[WhiteTeam "Hungary"]
[BlackTeam "Slovenia"]
[WhiteTeamCountry "HUN"]
[BlackTeamCountry "SLO"]

1. g3 c5 2. Bg2 Nc6 3. c4 g6 4. Nc3 Bg7 5. Nf3 d6 6. O-O e6 7. a3 Nge7 8. d3
O-O 9. Bd2 b6 10. Rb1 Bb7 11. b4 Qd7 12. e3 h6 13. Qe2 e5 14. Rfd1 f5 15. Ne1
Kh7 16. Nd5 Rae8 17. bxc5 dxc5 18. a4 Nxd5 19. Bxd5 1/2-1/2

[Event "Mitropa Cup 31st"]
[Site "Sibenik"]
[Date "2012.06.06"]
[Round "7"]
[White "Sebenik, Matej"]
[Black "Rapport, Richard"]
[Result "0-1"]
[WhiteElo "2573"]
[BlackElo "2577"]
[PlyCount "66"]
[EventDate "2012.05.31"]
[EventType "team-tourn"]
[EventRounds "9"]
[EventCountry "CRO"]
[Source "ChessBase"]
[SourceDate "2012.06.22"]
[WhiteTeam "Slovenia"]
[BlackTeam "Hungary"]
[WhiteTeamCountry "SLO"]
[BlackTeamCountry "HUN"]

1. d4 Nf6 2. c4 g6 3. Nf3 Bg7 4. g3 O-O 5. Bg2 d6 6. Nc3 Nc6 7. O-O Bf5 8. b3
e5 9. d5 Ne7 10. Ne1 Ne8 11. Bb2 Bd7 12. Nd3 f5 13. e4 f4 14. gxf4 exf4 15. Re1
g5 16. e5 dxe5 17. Nxe5 Ng6 18. Nxg6 hxg6 19. Bf3 g4 20. Bxg4 f3 21. Bxf3 Nd6
22. Kh1 Qh4 23. Re3 Qxf2 24. Qe2 Rxf3 25. Rxf3 Qxe2 26. Nxe2 Bxb2 27. Rg1 Kg7
28. c5 Ne4 29. Nf4 Bf5 30. Rg2 Bf6 31. Nh5+ Kf7 32. Nxf6 Nxf6 33. Re2 Bg4 0-1

[Event "Mitropa Cup 31st"]
[Site "Sibenik"]
[Date "2012.06.06"]
[Round "7"]
[White "Skoberne, Jure"]
[Black "Papp, Gabor"]
[Result "1/2-1/2"]
[WhiteElo "2535"]
[BlackElo "2552"]
[PlyCount "47"]
[EventDate "2012.05.31"]
[EventType "team-tourn"]
[EventRounds "9"]
[EventCountry "CRO"]
[Source "ChessBase"]
[SourceDate "2012.06.22"]
[WhiteTeam "Slovenia"]
[BlackTeam "Hungary"]
[WhiteTeamCountry "SLO"]
[BlackTeamCountry "HUN"]

1. c4 e5 2. g3 Nf6 3. Bg2 c6 4. d4 exd4 5. Qxd4 Na6 6. Nf3 Bc5 7. Qe5+ Be7 8.
Nc3 d6 9. Qf4 d5 10. O-O dxc4 11. Rd1 Qc7 12. Qxc4 Be6 13. Qf4 Qxf4 14. Bxf4
Nd5 15. Nxd5 Bxd5 16. Ne5 f6 17. Nd3 Bxg2 18. Kxg2 O-O-O 19. Be3 b6 20. Nf4 Nc7
21. Rdc1 Kb7 22. Rc4 Rhe8 23. Rac1 c5 24. a4 1/2-1/2

[Event "Mitropa Cup 31st"]
[Site "Sibenik"]
[Date "2012.06.06"]
[Round "7"]
[White "Jurcik, Marian"]
[Black "Zueger, Beat"]
[Result "1/2-1/2"]
[WhiteElo "2491"]
[BlackElo "2413"]
[PlyCount "49"]
[EventDate "2012.05.31"]
[EventType "team-tourn"]
[EventRounds "9"]
[EventCountry "CRO"]
[Source "ChessBase"]
[SourceDate "2012.06.22"]
[WhiteTeam "Slovakia"]
[BlackTeam "Switzerland"]
[WhiteTeamCountry "SVK"]
[BlackTeamCountry "SUI"]

1. e4 c5 2. Nc3 e6 3. Nf3 a6 4. d4 cxd4 5. Nxd4 b5 6. Bd3 Bb7 7. O-O Nc6 8.
Nxc6 Bxc6 9. Qe2 Bc5 10. e5 Bd4 11. Bf4 Qc7 12. Rae1 Ne7 13. Bg3 Bxc3 14. bxc3
Nd5 15. Qg4 h5 16. Qg5 Kf8 17. Bh4 f6 18. exf6 gxf6 19. Qg6 Qf4 20. Bg3 Qh6 21.
Bd6+ Ne7 22. f4 Qxg6 23. Bxg6 Kg7 24. Bd3 Kf7 25. Rf2 1/2-1/2

[Event "Mitropa Cup 31st"]
[Site "Sibenik"]
[Date "2012.06.06"]
[Round "7"]
[White "Lombard, Andre"]
[Black "Straka, Josef Jr"]
[Result "1/2-1/2"]
[WhiteElo "2353"]
[BlackElo "2373"]
[PlyCount "99"]
[EventDate "2012.05.31"]
[EventType "team-tourn"]
[EventRounds "9"]
[EventCountry "CRO"]
[Source "ChessBase"]
[SourceDate "2012.06.22"]
[WhiteTeam "Switzerland"]
[BlackTeam "Slovakia"]
[WhiteTeamCountry "SUI"]
[BlackTeamCountry "SVK"]

1. d4 Nf6 2. c4 e6 3. Nf3 c5 4. e3 b6 5. Nc3 Bb7 6. Bd3 g6 7. e4 cxd4 8. Nxd4
d6 9. f4 Bg7 10. O-O O-O 11. f5 Qd7 12. fxe6 fxe6 13. Be3 Nc6 14. Nxc6 Qxc6 15.
Qe2 Nd7 16. Rac1 Ne5 17. Rfd1 Rad8 18. b3 Nxd3 19. Qxd3 Bxc3 20. Rxc3 Qxe4 21.
Qxe4 Bxe4 22. Bg5 Rd7 23. Re3 Bf5 24. Bh6 Rfd8 25. Rf1 e5 26. Ref3 Rf7 27. g4
Be6 28. Rxf7 Bxf7 29. Kf2 a6 30. a4 d5 31. cxd5 Bxd5 32. b4 Kf7 33. Ke3+ Ke6
34. Bg5 Rb8 35. Rf6+ Kd7 36. Bh4 Bc6 37. Bg3 Re8 38. Rf7+ Re7 39. Rxe7+ Kxe7
40. Bxe5 Bxa4 41. Bc7 b5 42. Kf4 h6 43. g5 h5 44. h4 Ke6 45. Ba5 Kd5 46. Kg3
Ke4 47. Bb6 Bb3 48. Ba5 Ba4 49. Bb6 Bb3 50. Ba5 1/2-1/2

[Event "Mitropa Cup 31st"]
[Site "Sibenik"]
[Date "2012.06.06"]
[Round "7"]
[White "Mazur, Stefan"]
[Black "Rosenthal, Jonathan"]
[Result "1/2-1/2"]
[WhiteElo "2391"]
[BlackElo "2325"]
[PlyCount "137"]
[EventDate "2012.05.31"]
[EventType "team-tourn"]
[EventRounds "9"]
[EventCountry "CRO"]
[Source "ChessBase"]
[SourceDate "2012.06.22"]
[WhiteTeam "Slovakia"]
[BlackTeam "Switzerland"]
[WhiteTeamCountry "SVK"]
[BlackTeamCountry "SUI"]

1. e4 c6 2. d4 d5 3. e5 Bf5 4. Nf3 e6 5. Be2 Nd7 6. O-O Bg6 7. Nbd2 Nh6 8. c3
Be7 9. b4 O-O 10. Nb3 f6 11. Bxh6 gxh6 12. Nc5 Bxc5 13. bxc5 fxe5 14. Nxe5 Nxe5
15. dxe5 Qg5 16. Bd3 Qxe5 17. Bxg6 hxg6 18. Rb1 Rf7 19. Qd2 Kh7 20. f4 Qf6 21.
Rfe1 Re8 22. Qd4 Qxd4+ 23. cxd4 Ree7 24. g3 g5 25. fxg5 hxg5 26. Rb3 Kg6 27. a4
Rf5 28. a5 e5 29. dxe5 Rfxe5 30. Rxe5 Rxe5 31. Rxb7 Re1+ 32. Kf2 Rc1 33. Rxa7
Rxc5 34. a6 Ra5 35. Ra8 Kh7 36. Kf3 c5 37. a7 c4 38. Ke3 c3 39. Kd3 Ra3 40. h3
Kg7 41. Kc2 d4 42. Kd3 Ra4 43. g4 Kh7 44. Rc8 Rxa7 45. Kxd4 Ra4+ 46. Ke5 Kg7
47. Rc7+ Kg6 48. Rc6+ Kg7 49. Rc7+ Kg6 50. Rxc3 Ra5+ 51. Kd6 Ra6+ 52. Rc6 Ra3
53. Ke5+ Kg7 54. Kf5 Rxh3 55. Rc7+ Kh6 56. Rc6+ Kg7 57. Kxg5 Ra3 58. Rc7+ Kg8
59. Re7 Ra8 60. Kf6 Rb8 61. Re6 Ra8 62. Kg6 Rb8 63. g5 Ra8 64. Kh6 Rb8 65. g6
Ra8 66. g7 Rb8 67. Kg6 Ra8 68. Rf6 Rb8 69. Rf8+ 1/2-1/2

[Event "Mitropa Cup 31st"]
[Site "Sibenik"]
[Date "2012.06.06"]
[Round "7"]
[White "Sermier, Guillaume"]
[Black "Pacher, Milan"]
[Result "1/2-1/2"]
[WhiteElo "2411"]
[BlackElo "2440"]
[PlyCount "71"]
[EventDate "2012.05.31"]
[EventType "team-tourn"]
[EventRounds "9"]
[EventCountry "CRO"]
[Source "ChessBase"]
[SourceDate "2012.06.22"]
[WhiteTeam "Switzerland"]
[BlackTeam "Slovakia"]
[WhiteTeamCountry "SUI"]
[BlackTeamCountry "SVK"]

1. Nf3 Nf6 2. c4 e6 3. g3 a6 4. b3 b5 5. Nc3 b4 6. Na4 Bb7 7. Bg2 d6 8. d4 Nbd7
9. O-O Be7 10. d5 exd5 11. Nh4 Ne4 12. cxd5 Bf6 13. Rb1 Ndc5 14. Nxc5 Nxc5 15.
Nf5 O-O 16. Be3 Qd7 17. Qc2 Rfe8 18. Rfd1 a5 19. Bd4 Bxd4 20. Rxd4 Re5 21. e4
Rae8 22. Ne3 Ba6 23. Rbd1 g6 24. f4 R5e7 25. g4 f6 26. h3 Qb5 27. Bf1 Qb6 28.
Bg2 Qb5 29. Bf1 Qb6 30. Bg2 Qb5 31. R1d2 Kg7 32. Kh2 Bc8 33. Rc4 Qb6 34. Rcd4
Qb5 35. Nc4 Nd7 36. Ne3 1/2-1/2

[Event "Mitropa Cup 31st"]
[Site "Sibenik"]
[Date "2012.06.07"]
[Round "8"]
[White "Diermair, Andreas"]
[Black "Doric, Darko"]
[Result "1/2-1/2"]
[WhiteElo "2414"]
[BlackElo "2513"]
[PlyCount "45"]
[EventDate "2012.05.31"]
[EventType "team-tourn"]
[EventRounds "9"]
[EventCountry "CRO"]
[Source "ChessBase"]
[SourceDate "2012.06.22"]
[WhiteTeam "Austria"]
[BlackTeam "Croatia"]
[WhiteTeamCountry "AUT"]
[BlackTeamCountry "CRO"]

1. c4 e6 2. g3 d5 3. Nf3 dxc4 4. Na3 c5 5. Bg2 Nc6 6. Nxc4 Be7 7. O-O Nf6 8. b3
O-O 9. Bb2 Nd5 10. d4 b5 11. Nce5 Nxe5 12. Nxe5 Bb7 13. dxc5 Bxc5 14. Rc1 Rc8
15. Nd3 Bb6 16. Rxc8 Qxc8 17. Qa1 f6 18. Rc1 Qd7 19. Nc5 Bxc5 20. Rxc5 Rc8 21.
Qc1 a6 22. Bf3 Kf7 23. h4 1/2-1/2

[Event "Mitropa Cup 31st"]
[Site "Sibenik"]
[Date "2012.06.07"]
[Round "8"]
[White "Aguettaz, Maxime"]
[Black "Simacek, Pavel"]
[Result "1/2-1/2"]
[WhiteElo "2443"]
[BlackElo "2460"]
[PlyCount "94"]
[EventDate "2012.05.31"]
[EventType "team-tourn"]
[EventRounds "9"]
[EventCountry "CRO"]
[Source "ChessBase"]
[SourceDate "2012.06.22"]
[WhiteTeam "France"]
[BlackTeam "Czech Republic"]
[WhiteTeamCountry "FRA"]
[BlackTeamCountry "CZE"]

1. Nf3 d5 2. d4 c6 3. e3 e6 4. c4 f5 5. Ne5 Nf6 6. f4 Nbd7 7. Nc3 Nxe5 8. fxe5
Nd7 9. cxd5 cxd5 10. Bd3 Be7 11. O-O O-O 12. Bd2 a6 13. g4 g6 14. gxf5 gxf5 15.
Kh1 Kh8 16. Rg1 Nb6 17. b3 Bd7 18. Ne2 Qe8 19. Nf4 Rc8 20. Ba5 Na8 21. Qf3 Qf7
22. Qh3 Rg8 23. Qh6 Rxg1+ 24. Rxg1 Rg8 25. Rxg8+ Qxg8 26. Be1 Qg5 27. Qxg5 Bxg5
28. Ng2 Nc7 29. Ba5 Nb5 30. Kg1 Na7 31. Kf2 Bb5 32. Bc2 Nc6 33. Bc3 Ne7 34. h4
Bh6 35. Bb4 Ng6 36. h5 Nf8 37. Nf4 Bd7 38. a4 Kg8 39. Bd1 Kf7 40. Be2 Bc6 41.
Bf1 Nd7 42. Be2 Bg5 43. h6 Nf8 44. Bh5+ Kg8 45. Bxf8 Bxf4 46. exf4 Kxf8 47. Kg3
Be8 1/2-1/2

[Event "Mitropa Cup 31st"]
[Site "Sibenik"]
[Date "2012.06.07"]
[Round "8"]
[White "Housieaux, David"]
[Black "Cvek, Robert"]
[Result "1-0"]
[WhiteElo "2452"]
[BlackElo "2563"]
[PlyCount "80"]
[EventDate "2012.05.31"]
[EventType "team-tourn"]
[EventRounds "9"]
[EventCountry "CRO"]
[Source "ChessBase"]
[SourceDate "2012.06.22"]
[WhiteTeam "France"]
[BlackTeam "Czech Republic"]
[WhiteTeamCountry "FRA"]
[BlackTeamCountry "CZE"]

1. Nf3 Nf6 2. g3 d5 3. Bg2 c6 4. c4 Bg4 5. Ne5 Be6 6. cxd5 Bxd5 7. Nf3 c5 8.
O-O e6 9. d3 Be7 10. b3 b6 11. Bb2 Bb7 12. Nbd2 Nc6 13. Ne5 Qc8 14. Nxc6 Bxc6
15. e4 O-O 16. Qe2 Nd7 17. Bh3 Bf6 18. e5 Be7 19. f4 Bd5 20. f5 exf5 21. Bxf5
Be6 22. Be4 Rb8 23. Qh5 g6 24. Qh6 Re8 25. Rxf7 Bxf7 26. e6 Nf6 27. exf7+ Kxf7
28. Rf1 Ke6 29. Bg2 Ng4 30. Qxh7 Kd7 31. Qxg6 Rg8 32. Qe4 Qe8 33. Qc6+ Kd8 34.
Qd5+ Kc8 35. Qe6+ Kd8 36. Bc6 Rg6 37. Bf6 Rxf6 38. Rxf6 Nxf6 39. Bxe8 Kxe8 40.
Nc4 Rd8 1-0

[Event "Mitropa Cup 31st"]
[Site "Sibenik"]
[Date "2012.06.07"]
[Round "8"]
[White "Plat, Vojtech"]
[Black "Libiszewski, Fabien"]
[Result "0-1"]
[WhiteElo "2485"]
[BlackElo "2495"]
[PlyCount "84"]
[EventDate "2012.05.31"]
[EventType "team-tourn"]
[EventRounds "9"]
[EventCountry "CRO"]
[Source "ChessBase"]
[SourceDate "2012.06.22"]
[WhiteTeam "Czech Republic"]
[BlackTeam "France"]
[WhiteTeamCountry "CZE"]
[BlackTeamCountry "FRA"]

1. e4 c5 2. Nf3 Nc6 3. Bb5 Nf6 4. Nc3 g6 5. O-O Bg7 6. Re1 O-O 7. h3 d6 8. d3
Bd7 9. Be3 a6 10. Bxc6 Bxc6 11. Qd2 e5 12. Bg5 Qc7 13. Nh2 Nh5 14. Ng4 f6 15.
Bh6 f5 16. Bxg7 Qxg7 17. Ne3 f4 18. Ng4 f3 19. g3 Bd7 20. Re3 Bxg4 21. hxg4 Qd7
22. Qd1 Qxg4 23. Kh2 Nxg3 24. fxg3 Qh5+ 25. Kg1 f2+ 26. Kg2 f1=Q+ 27. Qxf1 Rxf1
28. Rxf1 Rf8 29. Rxf8+ Kxf8 30. Rf3+ Kg7 31. Nd5 Qg5 32. Nc7 Qe7 33. Nd5 Qd8
34. a4 h5 35. b3 h4 36. g4 Qa5 37. c3 b5 38. axb5 Qxb5 39. c4 Qxb3 40. Nc7 Qc2+
41. Kh3 Qd1 42. Ne6+ Kh6 0-1

[Event "Mitropa Cup 31st"]
[Site "Sibenik"]
[Date "2012.06.07"]
[Round "8"]
[White "Huschenbeth, Niclas"]
[Black "Erdos, Viktor"]
[Result "1/2-1/2"]
[WhiteElo "2521"]
[BlackElo "2624"]
[PlyCount "61"]
[EventDate "2012.05.31"]
[EventType "team-tourn"]
[EventRounds "9"]
[EventCountry "CRO"]
[Source "ChessBase"]
[SourceDate "2012.06.22"]
[WhiteTeam "Germany"]
[BlackTeam "Hungary"]
[WhiteTeamCountry "GER"]
[BlackTeamCountry "HUN"]

1. e4 e6 2. d4 d5 3. Nd2 c5 4. exd5 Qxd5 5. dxc5 Qxc5 6. Ngf3 Nf6 7. Bd3 Be7 8.
O-O O-O 9. a3 Qc7 10. b4 a5 11. Bb2 Nbd7 12. b5 b6 13. c4 Bb7 14. Qe2 Rad8 15.
Rad1 Nc5 16. Bc2 Nfd7 17. Ne4 Bxe4 18. Bxe4 Bf6 19. Bxf6 Nxf6 20. Bc6 Rxd1 21.
Rxd1 Rd8 22. g3 Kf8 23. Ne5 Rd6 24. Kg2 Ke7 25. Bf3 Rxd1 26. Nc6+ Kf8 27. Qxd1
Ne8 28. Qc2 g6 29. Qc3 f6 30. h4 Qd6 31. Qe3 1/2-1/2

[Event "Mitropa Cup 31st"]
[Site "Sibenik"]
[Date "2012.06.07"]
[Round "8"]
[White "Papp, Gabor"]
[Black "Zelbel, Patrick"]
[Result "1-0"]
[WhiteElo "2552"]
[BlackElo "2377"]
[PlyCount "131"]
[EventDate "2012.05.31"]
[EventType "team-tourn"]
[EventRounds "9"]
[EventCountry "CRO"]
[Source "ChessBase"]
[SourceDate "2012.06.22"]
[WhiteTeam "Hungary"]
[BlackTeam "Germany"]
[WhiteTeamCountry "HUN"]
[BlackTeamCountry "GER"]

1. e4 c5 2. Nf3 d6 3. d4 cxd4 4. Nxd4 Nf6 5. Nc3 g6 6. Be3 Bg7 7. f3 O-O 8. Qd2
Nc6 9. g4 Be6 10. Nxe6 fxe6 11. O-O-O Ne5 12. Be2 Qc8 13. h4 Nfd7 14. f4 Nc4
15. Bxc4 Qxc4 16. e5 Rad8 17. exd6 exd6 18. h5 Bxc3 19. Qxc3 Qxc3 20. bxc3 Nf6
21. hxg6 hxg6 22. Bxa7 Nxg4 23. Bb6 Ra8 24. Rxd6 Rxa2 25. Rh4 Nf6 26. Bd4 Ra6
27. Rxa6 bxa6 28. c4 Nh5 29. c5 Rxf4 30. c6 Rxh4 31. c7 Rxd4 32. c8=Q+ Kf7 33.
Qc5 Rd7 34. c4 Nf4 35. Kc2 Nd3 36. Qe3 Nb4+ 37. Kb2 a5 38. Qf4+ Ke7 39. Qg5+
Kf7 40. Qxa5 Nd3+ 41. Kc3 e5 42. Qb5 Rd6 43. Qb8 Rd7 44. Qc8 Rd4 45. Qh8 g5 46.
Qh7+ Kf6 47. Qh6+ Kf5 48. Qf8+ Ke6 49. Qe8+ Kf6 50. c5 Nxc5 51. Qf8+ Ke6 52.
Qxc5 g4 53. Qf8 Kd5 54. Qg8+ Kd6 55. Qg7 Rf4 56. Kd3 Ke6 57. Qg6+ Kd5 58. Qg8+
Kd6 59. Ke2 Re4+ 60. Kf2 Rf4+ 61. Kg3 Ke7 62. Qg6 Rd4 63. Kh4 Rf4 64. Qc6 Rd4
65. Kg5 Rf4 66. Qd5 1-0

[Event "Mitropa Cup 31st"]
[Site "Sibenik"]
[Date "2012.06.07"]
[Round "8"]
[White "Rapport, Richard"]
[Black "Bluebaum, Matthias"]
[Result "1-0"]
[WhiteElo "2577"]
[BlackElo "2428"]
[PlyCount "111"]
[EventDate "2012.05.31"]
[EventType "team-tourn"]
[EventRounds "9"]
[EventCountry "CRO"]
[Source "ChessBase"]
[SourceDate "2012.06.22"]
[WhiteTeam "Hungary"]
[BlackTeam "Germany"]
[WhiteTeamCountry "HUN"]
[BlackTeamCountry "GER"]

1. e4 e6 2. d4 d5 3. e5 c5 4. c3 Nc6 5. Nf3 Qb6 6. a3 Nge7 7. Bd3 cxd4 8. cxd4
Nf5 9. Bxf5 exf5 10. Nc3 Be6 11. O-O h6 12. Na4 Qc7 13. Ne1 Be7 14. Be3 O-O 15.
Nd3 b6 16. Nc3 Na5 17. Nf4 Qd7 18. Qf3 Rfd8 19. Rac1 Nb3 20. Rcd1 Kh7 21. Qh5
Rg8 22. Rd3 Na5 23. Bc1 Nb3 24. Be3 Na5 25. h4 Rac8 26. Nh3 Bf8 27. Bc1 g6 28.
Qf3 Bg7 29. Qd1 Qe7 30. g3 Qd7 31. Kg2 Rc4 32. Rh1 Rgc8 33. Nf4 R4c7 34. Qf3
Rd8 35. Nce2 Nc6 36. Bd2 a5 37. Nc3 b5 38. Na2 Rdc8 39. Nc1 Bf8 40. Qe3 b4 41.
Nb3 a4 42. Nc5 Bxc5 43. Nxe6 Qxe6 44. dxc5 Kg8 45. axb4 d4 46. Qe2 Nxe5 47.
Rxd4 Qc6+ 48. f3 Re8 49. Rf1 Rce7 50. Rd6 Qa8 51. Kg1 a3 52. Bc3 a2 53. b3 Ng4
54. Qc4 Re2 55. Rxg6+ Kf8 56. Bg7+ 1-0

[Event "Mitropa Cup 31st"]
[Site "Sibenik"]
[Date "2012.06.07"]
[Round "8"]
[White "Wagner, Dennis"]
[Black "Banusz, Tamas"]
[Result "1-0"]
[WhiteElo "2424"]
[BlackElo "2582"]
[PlyCount "151"]
[EventDate "2012.05.31"]
[EventType "team-tourn"]
[EventRounds "9"]
[EventCountry "CRO"]
[Source "ChessBase"]
[SourceDate "2012.06.22"]
[WhiteTeam "Germany"]
[BlackTeam "Hungary"]
[WhiteTeamCountry "GER"]
[BlackTeamCountry "HUN"]

1. d4 Nf6 2. c4 e6 3. Nf3 d5 4. g3 Bb4+ 5. Bd2 Be7 6. Bg2 O-O 7. O-O c6 8. Qc2
Nbd7 9. Rd1 a5 10. Bf4 Nh5 11. Bc1 b5 12. Ne5 Bb7 13. c5 f5 14. Nd2 Nhf6 15.
Nd3 Ne4 16. Nf3 Bf6 17. Nfe5 Ng5 18. Bf4 Nf7 19. Nxf7 Rxf7 20. e3 Qe8 21. a3 e5
22. dxe5 Nxe5 23. Bxe5 Bxe5 24. Nxe5 Qxe5 25. Qd2 Re8 26. b3 Qc7 27. Re1 Rfe7
28. Rad1 Bc8 29. Re2 Bd7 30. Rde1 Rb8 31. b4 axb4 32. axb4 Qe5 33. Qa2 Ree8 34.
Qa1 Ra8 35. Ra2 Rxa2 36. Qxa2 Qc3 37. Rb1 Be6 38. Qa6 Bd7 39. Qb7 Re7 40. Qb8+
Kf7 41. Qh8 d4 42. Bf3 Kg6 43. Qf8 Re6 44. Qd8 dxe3 45. Qxd7 exf2+ 46. Kg2 Re1
47. Kxf2 Qe3+ 48. Kg2 Re2+ 49. Bxe2 Qxe2+ 50. Kg1 Qe3+ 51. Kf1 Qf3+ 52. Kg1
Qe3+ 53. Kf1 Qf3+ 54. Ke1 Qe4+ 55. Kf2 Qc2+ 56. Ke3 Qe4+ 57. Kd2 Qxb1 58. Qxc6+
Kg5 59. Qxb5 Qb2+ 60. Kd3 Qb1+ 61. Kd2 Qb2+ 62. Kd3 Qb1+ 63. Kd4 Qb2+ 64. Kd5
Qxh2 65. Qd3 Qg2+ 66. Kd6 Qa8 67. Qe3+ Kh5 68. Qe2+ Kh6 69. c6 Qb8+ 70. Kc5
Qxg3 71. b5 f4 72. c7 Qc3+ 73. Qc4 Qe3+ 74. Kc6 Qe8+ 75. Kb7 Qe7 76. Kb6 1-0

[Event "Mitropa Cup 31st"]
[Site "Sibenik"]
[Date "2012.06.07"]
[Round "8"]
[White "Dvirnyy, Daniyl"]
[Black "Rosenthal, Jonathan"]
[Result "1-0"]
[WhiteElo "2515"]
[BlackElo "2325"]
[PlyCount "75"]
[EventDate "2012.05.31"]
[EventType "team-tourn"]
[EventRounds "9"]
[EventCountry "CRO"]
[Source "ChessBase"]
[SourceDate "2012.06.22"]
[WhiteTeam "Italy"]
[BlackTeam "Switzerland"]
[WhiteTeamCountry "ITA"]
[BlackTeamCountry "SUI"]

1. e4 c6 2. d4 d5 3. e5 Bf5 4. h4 h5 5. c4 e6 6. Nc3 Nd7 7. cxd5 cxd5 8. Bd3
Bxd3 9. Qxd3 Nb8 10. Bg5 Qb6 11. Nge2 Nc6 12. Rh3 Bb4 13. Kf1 Bxc3 14. Qxc3
Nge7 15. Bxe7 Nxe7 16. Qa3 Nc6 17. Rc1 Qa5 18. Qxa5 Nxa5 19. Rc7 b6 20. Rhc3
O-O 21. b3 Rfb8 22. Nf4 g6 23. Nh3 Rb7 24. Ng5 Rab8 25. Nxf7 Rxc7 26. Rxc7 Rb7
27. Nh6+ Kf8 28. Rc8+ Kg7 29. Ng8 Rf7 30. Nf6 Rf8 31. Rc3 Nb7 32. Ke2 Nd8 33.
Ke3 Rf7 34. Rc8 Rf8 35. g3 Nb7 36. Rc7+ Rf7 37. Ne8+ Kg8 38. Rxf7 1-0